000
00192 a2200097 4500
001
2673
100
_a
Ribbons, I
245
_a
Nansen
260
_a
_b
Macmillan and co
_c
090
_c
1969
_d
1969
942
_a
NUST-CAE
_c
M
_c
10768
999
_c
237746
_d
237746